000 00496nam a2200193Ia 4500
003 GCL
008 140319s9999 xx 000 0 aRus d
040 _aGCL /
_cGCL
082 0 4 _a863
_bR T
100 1 _aREVERTE, ARTURO PEREZ
245 1 0 _aLA TABLA DE FLANDES /
_cREVERTE, ARTURO PEREZ
260 _a[S.N] :
_bALFAGUARA HISPANICA ،
_c1990
300 _a416
650 0 4 _aLITERATURE
650 0 4 _aFICTION
650 0 4 _aSPANISH LITERATURE
650 0 4 _aSPANISH FICTION
942 _2ddc
_cBK
999 _c12872
_d12872